000 00348nam a2200133Ia 4500
003 GCL
008 140319s9999 xx 000 0 ara d
040 _aGCL /
_cGCL
082 0 4 _aكاسيت
_b352
_bس ا
100 1 _aسعيد الحلو
245 1 0 _aاسهر الليالى /
_cسعيد الحلو
260 _a[S.N] :
_bلا يوجد
490 _a
999 _c34166
_d34166